logo

Bir Sreshtho Munshi Abdur Rouf Library
Jhenaidah Cadet College

Industrial Arts In Oklahoma / (Record no. 8409)

MARC details
000 -LEADER
fixed length control field 00674nam a2200229 a 4500
001 - CONTROL NUMBER
JCCL Control Number 8409
003 - CONTROL NUMBER IDENTIFIER
JCCL marc code BD-JhCC
005 - DATE AND TIME OF LATEST TRANSACTION
control field 20180222190121.0
008 - FIXED-LENGTH DATA ELEMENTS--GENERAL INFORMATION
fixed length control field 180222s1951 xxua|||| b||| 000 0 eng d
035 ## - SYSTEM CONTROL NUMBER
system control number (BD-JhCC)8409
040 ## - CATALOGING SOURCE
Original cataloging agency BD-JhCC
Modifying agency BD-JhCC
041 ## - LANGUAGE CODE
Language code of Book eng
082 ## - DEWEY DECIMAL CLASSIFICATION NUMBER
Classification number 680
Author mark and Year IND 1951
245 ## - TITLE STATEMENT
Title Industrial Arts In Oklahoma /
Statement of responsibility, etc Oklahoma State Department of Education,
260 ## - PUBLICATION, DISTRIBUTION, ETC. (IMPRINT)
Place of publication, distribution, etc Oliyer Hodge :
Name of publisher, distributor, etc State Superintendent of Public Instruction,
Date of publication, distribution, etc 1951.
300 ## - PHYSICAL DESCRIPTION
Pagination 129 p. :
Other physical details ill.,
Dimensions 21 cm.
504 ## - BIBLIOGRAPHY, ETC. NOTE
Bibliography, etc Includ Bibliographical Reference.
650 ## - SUBJECT ADDED ENTRY--TOPICAL TERM
Topical term or geographic name as entry element Technology
710 ## - ADDED ENTRY--CORPORATE NAME
Corporate name or jurisdiction name as entry element Oklahoma State Department of Education,
942 ## - ADDED ENTRY ELEMENTS (KOHA)
Source of classification or shelving scheme Dewey Decimal Classification
Koha item type Books
Holdings
Source of classification or shelving scheme Damaged status Not for loan Home library Current library Shelving location Date of accession Total Checkouts Full call number Barcode Date last seen Copy number Koha item type Source of acquisition
Dewey Decimal Classification     JCC Rouf Library JCC Rouf Library General Stacks 02/22/2018   680 IND 1951 10713 02/22/2018 C-1 Books  
Dewey Decimal Classification     JCC Rouf Library JCC Rouf Library General Stacks 03/15/2018   680 IND 1951 10681 03/15/2018 C-2 Books Asia Foundation

JCC Library | Contacts | JCC Home

Last Update on 23 September 2017
Copyright @ 2017-2020 JCC Rouf Library
Rouf Library, Jhenidah Cadet College (JCC), Bangladesh